| 000 | 00628nam a22001817a 4500 | ||
|---|---|---|---|
| 999 |
_c8806 _d8806 |
||
| 003 | AR-CdUCM | ||
| 008 | 190326b ||||| |||| 00| 0 spa d | ||
| 040 |
_aMUNICIPALIDAD PROVINCIAL DEL CUSCO _cBIBLIOTECA MUNICIPAL DEL CUSCO |
||
| 082 |
_a780 / _bM38 |
||
| 100 |
_aMartinez Carrasco, E _924544 |
||
| 245 | _aEspaña cantos de guerra y esperanza / | ||
| 260 |
_aLima : _bTrilce, _c1944. |
||
| 300 |
_a30 paginas ; _c21 cm. |
||
| 505 | _aContenido :Carabanchel --Pozuelo de alarcon --Un héroe --A la aviación republicana --Guadalajara --Malaga --Teruel ... | ||
| 650 |
_aMusica _91443 |
||
| 942 |
_2ddc _cLIBROS |
||
| 945 | _arjall | ||